[Event "Venice Province-ch 71st"]
[Site "Venice Mestre"]
[Date "2011.01.15"]
[Round "3"]
[White "Biagioli, Valerio"]
[Black "Maccapan, Fabio"]
[Result "0-1"]
[WhiteElo "1930"]
[BlackElo "2024"]
[PlyCount "60"]
[EventDate "2011.01.14"]
[EventType "swiss"]
[EventRounds "5"]
[EventCountry "ITA"]
[SourceTitle "EXT 2022"]
[Source "ChessBase"]
[SourceDate "2021.10.06"]
[SourceVersion "1"]
[SourceVersionDate "2021.10.06"]
[SourceQuality "1"]

1. d4 d5 2. c4 e6 3. Nc3 c5 4. cxd5 exd5 5. e3 Nf6 6. Bb5+ Nc6 7. Nf3 cxd4 8. Nxd4 Bd7 9. a3 Bd6 10. h3 0-0 11. 0-0 a6 12. Bd3 Rc8 13. Qf3 Ne5 14. Qe2 Nxd3 15. Qxd3 Be6 16. Bd2 Bb8 17. Nf3 Qd7 18. Ne2 Ne4 19. Bb4 Rfe8 20. Rac1 h6 21. Nfd4 Rxc1 22. Rxc1 Bxh3 23. f3 Ng5 24. gxh3 Qxh3 25. Qf5 Qh2+ 26. Kf1 Qh1+ 27. Ng1 Bh2 28. Nde2 g6 29. Qg4 Rxe3 30. Qg2 Rxf3+ 0-1

[Event "Venice Province-ch 71st"]
[Site "Venice Mestre"]
[Date "2011.01.14"]
[Round "1"]
[White "Biagioli, Valerio"]
[Black "Perissotto, Mario"]
[Result "1-0"]
[WhiteElo "1930"]
[BlackElo "1652"]
[PlyCount "81"]
[EventDate "2011.01.14"]
[EventType "swiss"]
[EventRounds "5"]
[EventCountry "ITA"]
[SourceTitle "EXT 2022"]
[Source "ChessBase"]
[SourceDate "2021.10.06"]
[SourceVersion "1"]
[SourceVersionDate "2021.10.06"]
[SourceQuality "1"]

1. d4 d5 2. c4 e6 3. Nc3 Nf6 4. Bf4 Bd6 5. Bxd6 Qxd6 6. c5 Qd8 7. e3 c6 8. Bd3 Nbd7 9. Nf3 Qc7 10. b4 a6 11. 0-0 e5 12. e4 dxe4 13. Nxe4 Nxe4 14. Bxe4 Nf6 15. Qd3 exd4 16. Rfe1 0-0 17. h3 Be6 18. Ng5 h6 19. Nxe6 fxe6 20. Qxd4 Rad8 21. Qc4 Qf7 22. f3 Rfe8 23. Bc2 Nd5 24. Qe4 Nf6 25. Qe2 Kf8 26. a4 Nd5 27. b5 axb5 28. axb5 Nc3 29. Qe5 Nxb5 30. Bb3 Nd4 31. Ra4 Qd7 32. Rd1 Nxf3+ 33. gxf3 Qe7 34. Rf4+ Kg8 35. Rd6 Rxd6 36. cxd6 Qd7 37. Re4 Kf7 38. Qf5+ Kg8 39. Bxe6+ Rxe6 40. Qxe6+ Qxe6 41. Rxe6 1-0

[Event "Venice Province-ch 69th"]
[Site "Venice Mestre"]
[Date "2009.01.31"]
[Round "3"]
[White "Biagioli, Valerio"]
[Black "Bortolussi, Francesco"]
[Result "1-0"]
[WhiteElo "1913"]
[BlackElo "1476"]
[PlyCount "59"]
[EventDate "2009.01.30"]
[EventType "swiss"]
[EventRounds "5"]
[EventCountry "ITA"]
[SourceTitle "EXT 2022"]
[Source "ChessBase"]
[SourceDate "2021.10.06"]
[SourceVersion "1"]
[SourceVersionDate "2021.10.06"]
[SourceQuality "1"]

1. d4 Nf6 2. c4 g6 3. Nc3 Bg7 4. e4 d6 5. Bd3 0-0 6. Nge2 Nbd7 7. 0-0 e5 8. d5 Nc5 9. Bc2 Nh5 10. Be3 Na6 11. Qd2 f5 12. f4 exf4 13. Nxf4 Nxf4 14. Bxf4 Nc5 15. Bg5 Bf6 16. Bxf6 Rxf6 17. exf5 Bxf5 18. Bxf5 Rxf5 19. Rxf5 gxf5 20. Rf1 Qf6 21. b4 Nd7 22. Ne4 Qg6 23. Rf3 fxe4 24. Rg3 Qxg3 25. hxg3 Re8 26. Qg5+ Kh8 27. Kf1 e3 28. Ke2 Ne5 29. c5 Nf7 30. Qf5 1-0

[Event "Venice Province-ch 69th"]
[Site "Venice Mestre"]
[Date "2009.01.30"]
[Round "1"]
[White "Bastianello, Tito"]
[Black "Biagioli, Valerio"]
[Result "1-0"]
[WhiteElo "1566"]
[BlackElo "1913"]
[PlyCount "85"]
[EventDate "2009.01.30"]
[EventType "swiss"]
[EventRounds "5"]
[EventCountry "ITA"]
[SourceTitle "EXT 2022"]
[Source "ChessBase"]
[SourceDate "2021.10.06"]
[SourceVersion "1"]
[SourceVersionDate "2021.10.06"]
[SourceQuality "1"]

1. e4 e6 2. d4 d5 3. Nc3 dxe4 4. Nxe4 Nf6 5. Nxf6+ Qxf6 6. Nf3 h6 7. Bd3 Bd6 8. 0-0 0-0 9. Bd2 Bd7 10. Bc3 Qf4 11. Bd2 Qg4 12. Bh7+ Kh8 13. h3 Qh5 14. Be4 Bc6 15. Qe2 Bxe4 16. Qxe4 Nc6 17. Rfe1 Rae8 18. c4 f5 19. Qh4 Qxh4 20. Nxh4 Kh7 21. c5 Be7 22. Nf3 Bf6 23. Bc3 Kg8 24. b4 b5 25. a4 a6 26. axb5 axb5 27. Ra6 Nd8 28. Bd2 Re7 29. Bf4 g5 30. Be5 Rd7 31. Bxf6 Rxf6 32. Rd1 Kg7 33. Ne5 Re7 34. c6 f4 35. Ra5 Rf5 36. Rxb5 Re8 37. Rc5 h5 38. b5 Nf7 39. Nxf7 Kxf7 40. Rxf5+ exf5 41. d5 Rb8 42. d6 cxd6 43. c7 1-0

[Event "Treviso WE op 28th"]
[Site "Treviso"]
[Date "2004.12.05"]
[Round "2.27"]
[White "Morello, Franco"]
[Black "Biagioli, Valerio"]
[Result "1/2-1/2"]
[WhiteElo "1448"]
[BlackElo "1637"]
[PlyCount "66"]
[EventDate "2004.12.04"]
[EventType "swiss"]
[EventCountry "ITA"]
[SourceTitle "EXT 2024"]
[Source "ChessBase"]
[SourceDate "2023.10.10"]
[SourceVersion "1"]
[SourceVersionDate "2023.10.10"]
[SourceQuality "1"]

1. e4 e6 2. Nf3 c5 3. d4 cxd4 4. Nxd4 Bc5 5. c3 Ne7 6. Bd3 d5 7. 0-0 Nbc6 8. Nxc6 bxc6 9. exd5 cxd5 10. Be3 Bxe3 11. fxe3 Qb6 12. Qe2 0-0 13. Kh1 a5 14. Na3 Ba6 15. c4 dxc4 16. Nxc4 Bxc4 17. Bxc4 Nf5 18. Rf3 Rab8 19. b3 g6 20. Rd1 Rfd8 21. Rdf1 h5 22. h3 Qd6 23. Qf2 Rb7 24. e4 Nh6 25. Rd3 Qe7 26. Qd2 Rxd3 27. Bxd3 Kg7 28. Qxa5 Ra7 29. Qd2 f5 30. exf5 Nxf5 31. Bxf5 exf5 32. Re1 Qa3 33. Re2 Rc7 1/2-1/2

[Event "Veneto-ch Quarti di Finale 64th"]
[Site "Arqua Petrarca"]
[Date "2004.05.16"]
[Round "5.27"]
[White "Biagioli, Valerio"]
[Black "Boscolo, Michele"]
[Result "1-0"]
[WhiteElo "1625"]
[BlackElo "1759"]
[PlyCount "79"]
[EventDate "2004.05.08"]
[EventType "swiss"]
[EventRounds "6"]
[EventCountry "ITA"]
[SourceTitle "EXT 2023"]
[Source "ChessBase"]
[SourceDate "2022.10.05"]
[SourceVersion "1"]
[SourceVersionDate "2022.10.05"]
[SourceQuality "1"]

1. d4 d5 2. c4 Nf6 3. Nc3 c6 4. Bf4 e6 5. c5 Nbd7 6. e3 Be7 7. Bd3 0-0 8. h3 Re8 9. Nf3 Bf8 10. 0-0 b6 11. b4 b5 12. Qc2 Bb7 13. e4 dxe4 14. Nxe4 Nd5 15. Qd2 Nxf4 16. Qxf4 Nf6 17. Nfg5 h6 18. Nf3 Be7 19. Ne5 Qd5 20. Rfd1 a5 21. g4 Rf8 22. Nc3 Qd8 23. a3 Ra7 24. Qf3 Qc7 25. Be4 Ra6 26. Bc2 Ba8 27. Qd3 Rd8 28. Ne4 g6 29. Qf3 Kg7 30. g5 hxg5 31. Nxg5 Rf8 32. Nxg6 Rg8 33. Ne5 Kf8 34. h4 Rg7 35. Kf1 Ke8 36. Ngxf7 Qa7 37. Ng5 axb4 38. Nxe6 Rg8 39. Qf5 Rxa3 40. Qg6+ 1-0

[Event "Veneto-ch Quarti di Finale 64th"]
[Site "Arqua Petrarca"]
[Date "2004.04.16"]
[Round "6.23"]
[White "Maniero, Riccardo"]
[Black "Biagioli, Valerio"]
[Result "1-0"]
[WhiteElo "1874"]
[BlackElo "1625"]
[PlyCount "71"]
[EventDate "2004.05.08"]
[EventType "swiss"]
[EventRounds "6"]
[EventCountry "ITA"]
[SourceTitle "EXT 2023"]
[Source "ChessBase"]
[SourceDate "2022.10.05"]
[SourceVersion "1"]
[SourceVersionDate "2022.10.05"]
[SourceQuality "1"]

1. e4 e6 2. d4 d5 3. Nc3 Bb4 4. e5 c5 5. a3 cxd4 6. axb4 dxc3 7. Qg4 Ne7 8. Nf3 Qc7 9. Bd3 Nbc6 10. 0-0 cxb2 11. Bxb2 Ng6 12. b5 Nce7 13. Rfe1 Bd7 14. Ba3 f5 15. Qg5 h6 16. Qh5 0-0 17. Bd6 Qd8 18. Ra4 Be8 19. Qh3 Rf7 20. Qg3 Rf8 21. Nh4 Kh7 22. Rea1 Nxh4 23. Qxh4 g5 24. Qb4 Rf7 25. Rxa7 Rxa7 26. Rxa7 Ng6 27. b6 Nf4 28. Bc7 Nxd3 29. cxd3 Qc8 30. Qa5 Bc6 31. Ra8 Qd7 32. Rd8 Qe7 33. Qa8 Qc5 34. Rh8+ Kg6 35. Qg8+ Rg7 36. Qxe6+ 1-0